| 000 | 00710nam a2200217Ia 4500 | ||
|---|---|---|---|
| 003 | GCL | ||
| 008 | 140319s9999 xx 000 0 ara d | ||
| 040 |
_aGCL / _cGCL |
||
| 082 | 0 | 4 |
_a330.953 _bع م |
| 100 | 1 | _aعاصم محمد رزق عبدالرحمن | |
| 245 | 1 | 0 |
_aمراكز الصناعة فى مصر حتى مجئ الحملة الفرنسية / _cعاصم محمد رزق عبدالرحمن |
| 700 | 1 | _aعاصم محمد رزق | |
| 260 |
_a[S.N] : _bالهيئة المصرية العامة للكتاب ، _c1989 |
||
| 300 | _a407 ص\ | ||
| 490 | _a | ||
| 650 | 0 | 4 | _aمصر |
| 650 | 0 | 4 | _aتاريخ |
| 650 | 0 | 4 | _aالصناعات |
| 650 | 0 | 4 | _aالحرف اليدوية |
| 942 |
_2ddc _cBK |
||
| 999 |
_c27873 _d27873 |
||